LEADER 00684nam a2200181 i 4500 001 000000250652 003 CaOOAMICUS 005 20160811000000.0 008 160811n it u000 u ita u 013 $a229557 040 $aSeMil$bita 100 1 $aMonsabré, Jacques Marie Louis,$d<1827-1907>.$0(OLS)http://semarc/name/837 245 13$aLe testimonianze. 300 $a403 p. 773 0 $aMonsabré, Jacques Marie Louis <1827-1907>$tIntroduzione al dogma cattolico.$dRoma ; Torino : Marietti, 1926.$g4$w()33317 850 $aSeMil 852 $aSeMil$W1$xVenegono$y1$m3F I 427/4$j200998$B200998$CSeMilBibl$Z2$F212727 $81 996 $6245$aLe testimonianze$9(OLS)http://semarc/title/352832 LEADER 00989nam a2200289 i 4500 001 000000000700 003 CaOOAMICUS 005 20180830125433.0 008 180830s1975 it u000 u ita u 040 $aSeMil$bita 245 13$aIl pensiero contemporaneo. 650 4$aFilosofia contemporanea - Testi.$0(OLS)http://semarc/subject/151 650 4$aFilosofia contemporanea - Storia.$0(OLS)http://semarc/subject/152 773 0 $tGrande antologia filosofica.$dMilano : Marzorati, 1954-1985.$w()555 774 0 $tSezione 1.$w()728 774 0 $tSezione 2.$w()729 774 0 $tVolume 22.$w()104350 774 0 $tVolume 23.$w()104351 774 0 $tVolume 24.$w()104352 774 0 $tVolume 25.$w()104353 774 0 $tVolume 26.$w()104354 774 0 $tVolume 28.$w()104355 774 0 $tVolume 29.$w()104356 774 0 $tVolume 30.$w()104357 774 0 $tVolume 27.$w()104358 774 0 $tVolume 31.$w()104360 996 $6245$aIl pensiero contemporaneo$9(OLS)http://semarc/title/1026